| 000 | 00679nam a2200181 a 4500 | ||
|---|---|---|---|
| 003 | 0 | ||
| 005 | 20250514083506.0 | ||
| 008 | 970101s19uu xx 00 eng d | ||
| 050 |
_aPHS BF 723.S43 _b.B47 2004 |
||
| 100 | _aBermudez, Jaycee Flor L. | ||
| 245 |
_aPeceptions of Dela Salle Zobel high school students on having siblings / _cJaycee Flor L. Bermudez. |
||
| 260 |
_aLas PiƱas City, Philippines : _bSouthville International School and Colleges, _c2004. |
||
| 300 |
_aunnumbered pages : _billustrations ; _c28 cm. |
||
| 504 | _aIncludes bibliographical references. | ||
| 650 |
_aSiblings _xPsychology. |
||
| 650 |
_aSibling relationships _zPhilippines. |
||
| 942 |
_2lcc _cPASS |
||
| 999 |
_c97084 _d97084 |
||